Estatísticas para Países que constituíam a União Soviética

Clique aqui para jogar o quiz

Estatísticas Gerais

  • Esse quiz foi jogado 246 vezes
  • A pontuação média é 12 de 15

Estatísticas das Respostas

Data de IndependênciaPaís% Correto
24 de agosto de 1991 Ucrânia
96%
20 de agosto de 1991 Estônia
91%
6 de setembro de 1991Letônia
90%
11 de março de 1990 Lituânia
88%
12 de junho de 1990 Rússia
87%
16 de dezembro de 1991 Cazaquistão
85%
25 de dezembro de 1991 Armênia
82%
25 de dezembro de 1991 Belarus
82%
18 de outubro de 1991Azerbaijão
80%
12 de dezembro de 1991 Turcomenistão
80%
9 de abril de 1991 Geórgia
79%
27 de agosto de 1991 Moldávia
78%
9 de setembro de 1991 Tadjiquistão
78%
25 de dezembro de 1991Uzbequistão
78%
31 de agosto de 1991 Quirguistão
61%

Distribuição das Pontuações

Percentil de Números Respondidos

Porcentagem de Pessoas com Cada Pontuação

Sua Pontuação Histórica

Você não jogou esse quiz